Via del Corso (Registro nro. 6378)
[ vista simple ]
| 000 -CABECERA | |
|---|---|
| campo de control de longitud fija | 00847nam a2200277 i 4500 |
| 001 - NÚMERO DE CONTROL | |
| campo de control | Rebiun21214623 |
| 003 - IDENTIFICADOR DEL NÚMERO DE CONTROL | |
| campo de control | AR-RoIUNI |
| 005 - FECHA Y HORA DE LA ÚLTIMA TRANSACCIÓN | |
| campo de control | 20260205160132.0 |
| 008 - DATOS DE LONGITUD FIJA--INFORMACIÓN GENERAL | |
| campo de control de longitud fija | 180426s2017 it ab 001 0 ita d |
| 020 ## - NÚMERO INTERNACIONAL ESTÁNDAR DEL LIBRO | |
| Número Internacional Estándar del Libro | 9788898433650 |
| Información calificativa | A1 |
| 020 ## - NÚMERO INTERNACIONAL ESTÁNDAR DEL LIBRO | |
| Número Internacional Estándar del Libro | 9788898433926 |
| Información calificativa | A2 |
| 020 ## - NÚMERO INTERNACIONAL ESTÁNDAR DEL LIBRO | |
| Número Internacional Estándar del Libro | 9788899358471 |
| Información calificativa | B1 |
| 020 ## - NÚMERO INTERNACIONAL ESTÁNDAR DEL LIBRO | |
| Número Internacional Estándar del Libro | 9788899358907 |
| Información calificativa | B2 |
| 040 ## - FUENTE DE LA CATALOGACIÓN | |
| Centro/agencia transcriptor | AR-RoIUNI |
| 080 ## - NÚMERO DE LA CLASIFICACIÓN DECIMAL UNIVERSAL | |
| Número de la Clasificación Decimal Universal | 811.131.1 |
| 100 1# - ENTRADA PRINCIPAL--NOMBRE DE PERSONA | |
| Nombre de persona | Marin, Telis |
| 245 10 - MENCIÓN DE TÍTULO | |
| Título | Via del Corso |
| Resto del título | Corso di ialiano per stranieri |
| Mención de responsabilidad, etc. | Telis Marin, Pierangela Diadori |
| 250 ## - MENCIÓN DE EDICIÓN | |
| Mención de edición | 1a. ed. |
| 260 ## - PUBLICACIÓN, DISTRIBUCIÓN, ETC. (PIE DE IMPRENTA) | |
| Lugar de publicación, distribución, etc. | Roma |
| Nombre del editor, distribuidor, etc. | Edilingua |
| Fecha de publicación, distribución, etc. | 2017 |
| 300 ## - DESCRIPCIÓN FÍSICA | |
| Extensión | v. |
| Otras características físicas | il., map. ; |
| Dimensiones | 29 cm + |
| Material acompañante/anejo | 2 CD-audio + DVD-video |
| 337 ## - TIPO DE MEDIO | |
| Nombre/término del tipo de medio | audio |
| Fuente | rdamedia. |
| 500 ## - NOTA GENERAL | |
| Nota general | En cub.: Libro dello studente ed esercizi ; Edizione per insegnanti |
| 650 #0 - PUNTO DE ACCESO ADICIONAL DE MATERIA--TÉRMINO DE MATERIA | |
| Término de materia o nombre geográfico como elemento inicial | Italiano |
| Subdivisión general | Lengua |
| 9 (RLIN) | 544 |
| 700 1# - PUNTO DE ACCESO ADICIONAL--NOMBRE DE PERSONA | |
| Nombre de persona | Diadori, Pierangela, |
| Término indicativo de función/relación | coaut |
| 942 ## - ELEMENTOS DE PUNTO DE ACCESO ADICIONAL (KOHA) | |
| Fuente del sistema de clasificación o colocación | Clasificación Decimal Universal |
| Tipo de ítem Koha | Libros |
| Estado de retiro | Estado de pérdida | Fuente del sistema de clasificación o colocación | Estado dañado | Excepción de préstamo | Código de colección | Localización permanente | Ubicación/localización actual | Ubicación en estantería | Fecha de adquisición | Fuente de adquisición | Enumeración/cronología de publicación seriada | Número de inventario | Total de préstamos | Signatura topográfica completa | Código de barras | Fecha visto por última vez | Precio válido a partir de | Tipo de ítem Koha |
|---|---|---|---|---|---|---|---|---|---|---|---|---|---|---|---|---|---|---|
| Clasificación Decimal Universal | Idiomas | BIBLIOTECA CENTRAL | BIBLIOTECA CENTRAL | BIBLIOTECA CENTRAL | 05/02/2026 | Donación | A1 | 9219 | 811.131.1 MAR | 9219 | 05/02/2026 | 05/02/2026 | Libros | |||||
| Clasificación Decimal Universal | Idiomas | BIBLIOTECA CENTRAL | BIBLIOTECA CENTRAL | BIBLIOTECA CENTRAL | 05/02/2026 | Donación | B2 | 9220 | 811.131.1 MAR | 9220 | 05/02/2026 | 05/02/2026 | Libros | |||||
| Clasificación Decimal Universal | Idiomas | BIBLIOTECA CENTRAL | BIBLIOTECA CENTRAL | BIBLIOTECA CENTRAL | 05/02/2026 | Donación | B1 | 9221 | 811.131.1 MAR | 9221 | 05/02/2026 | 05/02/2026 | Libros | |||||
| Clasificación Decimal Universal | Idiomas | BIBLIOTECA CENTRAL | BIBLIOTECA CENTRAL | BIBLIOTECA CENTRAL | 05/02/2026 | Donación | A2 | 9222 | 811.131.1 MAR | 9222 | 05/02/2026 | 05/02/2026 | Libros |

